Survivor Most Confessionals Per Season - Statistics

General Stats
  • This quiz has been taken 2,220 times
    485 since last reset
  • The average score is 38 of 48
Answer Stats
Hint Answer % Correct
Borneo Richard Hatch
97%
All Stars Rob Mariano
97%
Redemption Island Rob Mariano
97%
Amazon Rob Cesternino
96%
Australia Colby Donaldson
95%
Cagayan Tony Vlachos
95%
Winners at War Tony Vlachos
95%
Samoa Russell Hantz
94%
Heroes VS Villains Russell Hantz
94%
Tocantins James Thomas Jr.
93%
Exile Island Cirie Fields
91%
Micronesia Cirie Fields
91%
One World Kim Spradlin
91%
South Pacific Benjamin Wade
90%
Caramoan John Cochran
90%
Blood VS Water Tyson Apostol
90%
Vanuatu Chris Daugherty
89%
China Todd Herzog
89%
Gabon Jessica Kiper
88%
Pearl Islands Rupert Boneham
88%
Fiji Earl Cole
87%
Worlds Apart Mike Holloway
87%
42 Mike Turner
87%
Game Changers Sarah Lacina
85%
Heroes VS Healers VS Hustlers Ben Driebergen
84%
Africa Lex Van Den Berge
84%
Philippines Malcolm Freeberg
83%
Kaoh Rong Tai Trang
79%
Cambodia Spencer Bledsoe
78%
Island of the Idols Tommy Sheehan
78%
Cook Islands Jonathan Penner
75%
44 Yam Yam Arocho
73%
David VS Goliath Angelina Cardona Keeley
72%
Edge of Extinction Rick Devens
72%
46 Charlie Davis
68%
Marquesas Kathy Vavrick-O'Brien
67%
Millennials VS Gen X David Wright
66%
San Juan Del Sur Jon Misch
66%
Palau Stephenie LaGrossa
66%
Guatemala Stephenie LaGrossa
66%
45 Austin Li Coon
65%
41 (tie) Xander Hastings
63%
47 Sam Phalen
61%
43 Jesse Lopez
60%
Ghost Island Domenick Abbate
55%
Thailand Helen Glover
49%
Nicaragua NaOnka Mixon
49%
41 (tie) Deshawn Radden
48%
No matching quizzes found
Score Distribution
Percent of People with Each Score
Percentile by Number Answered
Your Score History
You have not taken this quiz since the last reset